| 000 | 00727cam a2200241 i 4500 | ||
|---|---|---|---|
| 001 | 19148687 | ||
| 005 | 20180214033613.0 | ||
| 008 | 160623s2013 maua b 001 0 eng | ||
| 010 | _a 2016302750 | ||
| 020 | _a9780132685757 | ||
| 040 |
_aDLC _beng _erda _cDLC _dDLC |
||
| 041 | _aeng | ||
| 042 | _apcc | ||
| 080 | _a612..044 sco | ||
| 082 | 0 | 0 |
_a372.6 gal _223 |
| 100 | 1 | _a48 | |
| 101 | _aedu | ||
| 245 | 1 | 0 |
_aLanguage arts : _cGail E. Tompkins, California State University, Fresno, emerita. |
| 504 | _aIncludes bibliographical references (pages 429-447)and index. | ||
| 906 |
_a7 _bcbc _corignew _d2 _encip _f20 _gy-gencatlg |
||
| 942 |
_2ddc _cBK |
||
| 999 |
_c42450 _d42450 |
||